Personnalités sondées pour la présidentielle 2027 - Statistiques

Statistiques générales
  • Ce quiz a été pris 57 fois
  • Le résultat moyen est 21 sur 34
Statistiques - réponses
Famille politique % Réponse % Correct
Rassemblement national 23 - 38,5 Jordan Bardella
100%
Rassemblement national 29 - 40 Marine Le Pen
98%
Ensemble pour la République 15 - 32 Édouard Philippe
93%
Reconquête 3 - 9 Éric Zemmour
93%
La France Insoumise 8 - 20 Jean-Luc Mélenchon
93%
Ensemble pour la République 8 - 24 Gabriel Attal
87%
Nouveau parti anticapitaliste 0,5 - 2 Philippe Poutou
87%
Lutte ouvrière 0,5 - 2 Nathalie Arthaud
78%
Parti communiste français 2 - 6,5 Fabien Roussel
76%
Parti socialiste 5 - 8,5 François Hollande
76%
Les Écologistes 1 - 7 Marine Tondelier
76%
Debout la France 1 - 4,5 Nicolas Dupont-Aignan
76%
Reconquête 3,5 - 6 Sarah Knafo
76%
Les Républicains 7 - 17 Bruno Retailleau
72%
Parti socialiste 2 - 8 Olivier Faure
72%
Parti socialiste 10 - 14,5 Raphael Glucksmann
70%
La France Humaniste 2 - 5 Dominique de Villepin
61%
Les Républicains 3 - 10 Laurent Wauquiez
59%
Les Écologistes 4 - 7 Yannick Jadot
59%
Résistons 1 - 4 Jean Lasalle
54%
Les Écologistes 1 - 2 Sandrine Rousseau
54%
Ensemble pour la République 7 - 16 Gérald Darmanin
52%
Divers écologiste 4,5 - 10 François Ruffin
50%
Ensemble pour la République 6 - 6,5 Sébastien Lecornu
48%
Les Républicains 5,5 - 7 Xavier Bertrand
46%
Parti socialiste 5 - 10 Bernard Cazeneuve
43%
Ensemble pour la République 11 Elisabeth Borne
43%
Ensemble pour la République 3 - 9 François Bayrou
43%
Les Républicains 4 Michel Barnier
39%
Ensemble pour la République 9 Jean Castex
30%
Ensemble pour la République 5 Yael Braun-Pivet
28%
Ensemble pour la République 14 - 18 Bruno Le Maire
26%
Reconquête 4,5 Philippe de Villiers
26%
Parti socialiste 3 Carole Delga
11%
Aucun quiz correspondant
Distribution des résultats
% des personnes avec chaque résultat
Percentile par nombre de réponses
Votre historique - résultats
Vous n’avez pas pris ce quiz